| 000 | 00547nam a2200157Ia 4500 | ||
|---|---|---|---|
| 003 | IQ-KOUCL | ||
| 041 | _aArabic | ||
| 082 | _a232,1 cut-993 ل | ||
| 100 | _a20260118u\\\\\\\\\\\y0engy0103\\\\ba | ||
| 100 | _aعبدالرحمن بن معلا اللويحق | ||
| 245 | 0 | _aمشكلة الغلو في الدين في العصر الحاضر الاسباب الاثار العلاج الجزء الثالث | |
| 250 | _aط1 | ||
| 260 |
_bجمعية احياء التراث الاسلامي _aالكويت _c2022 |
||
| 300 | _a1279 | ||
| 942 | _cBk | ||
| 999 |
_c186295 _d186295 |
||